00710nam a2200217Ia 4500008004100000020001500041041000800056082002000064100001000084245005400094250001200148260003900160300000900199440001000208500004900218650003200267700001000299906000800309999001700317952015800334230125s9999 xx 000 0 und d a8131410285 aeng a658.312 44bICF aICFAI aCase Studies in human Resource Management : Vol 4 a1st Ed. c2006bICFAI publicationaHyderabad a389p aICFAI aHuman resource management;ICFAI Case Studies aPersonal Management9106563 aICFAI b112 c85056d85056 00104070aHIMRbHIMRd2006-12-04eICFAI pressg750.00i119l0o658.312 44 ICF B05629pHIMR-BK-5629r2023-01-25 00:00:00v638.00w2006-12-02yBKzB05629